[Event "EU Union-ch U10"]
[Site "Kouty nad Desnou"]
[Date "2021.08.19"]
[Round "6.1"]
[White "Kulich, Filip"]
[Black "Negrean, Andrei"]
[Result "1/2-1/2"]
[WhiteElo "1692"]
[BlackElo "1834"]
[PlyCount "107"]
[EventDate "2021.08.14"]
[EventType "swiss"]
[EventRounds "9"]
[EventCountry "CZE"]
[SourceTitle "EXT 2022"]
[Source "ChessBase"]
[SourceDate "2021.10.06"]
[SourceVersion "1"]
[SourceVersionDate "2021.10.06"]
[SourceQuality "1"]

1. e4 c5 2. c3 d5 3. exd5 Qxd5 4. d4 e6 5. Nf3 Nc6 6. Be3 cxd4 7. Nxd4 Nxd4 8. Qxd4 Nf6 9. Nd2 e5 10. Qc4 Be6 11. f3 Qd7 12. Qb5 Nd5 13. Bf2 a6 14. Qxd7+ Kxd7 15. 0-0-0 Kc7 16. Ne4 f6 17. Bc4 Nf4 18. Bxe6 Nxe6 19. g3 Be7 20. Rd3 Rad8 21. Rhd1 Rxd3 22. Rxd3 Kc6 23. Kc2 Rd8 24. Rxd8 Bxd8 25. Kd3 Be7 26. Nd2 Bc5 27. Be3 Bxe3 28. Kxe3 Nc5 29. b3 Ne6 30. Ne4 Nc7 31. Kd3 Nd5 32. Nf2 b5 33. Nd1 Kc5 34. Ne3 Nxe3 35. Kxe3 f5 36. g4 g6 37. g5 a5 38. Kd3 a4 39. Ke3 Kd5 40. h3 a3 41. h4 f4+ 42. Kd3 Kc5 43. Ke4 Kd6 44. c4 bxc4 45. bxc4 Kc5 46. Kxe5 Kxc4 47. Kxf4 Kd4 48. Kg4 Kc3 49. f4 Kb2 50. f5 gxf5+ 51. Kxf5 Kxa2 52. h5 Kb1 53. g6 hxg6+ 54. hxg6 1/2-1/2

[Event "EU Union-ch U10"]
[Site "Kouty nad Desnou"]
[Date "2021.08.15"]
[Round "2.8"]
[White "Kulich, Filip"]
[Black "Bulawa, Adam"]
[Result "1-0"]
[WhiteElo "1692"]
[BlackElo "1141"]
[PlyCount "49"]
[EventDate "2021.08.14"]
[EventType "swiss"]
[EventRounds "9"]
[EventCountry "CZE"]
[SourceTitle "EXT 2022"]
[Source "ChessBase"]
[SourceDate "2021.10.06"]
[SourceVersion "1"]
[SourceVersionDate "2021.10.06"]
[SourceQuality "1"]

1. e4 c5 2. c3 d5 3. exd5 Qxd5 4. d4 e6 5. Nf3 Nf6 6. Na3 Nc6 7. Bc4 Qd8 8. Be3 cxd4 9. Nxd4 Nxd4 10. Bxd4 Be7 11. 0-0 0-0 12. Qe2 b6 13. Rad1 Bxa3 14. bxa3 Qe7 15. Bd3 Bb7 16. Bc2 Rfd8 17. Qe3 Nd5 18. Qg3 Nf6 19. Qh4 h6 20. Rd3 Ba6 21. Rg3 Rxd4 22. cxd4 Bxf1 23. Qxh6 g6 24. Bxg6 Qf8 25. Bh5+ 1-0

[Event "SVK-ch U10"]
[Site "Stara Lubovna"]
[Date "2021.06.27"]
[Round "2"]
[White "Livnansky, Michal"]
[Black "Kulich, Filip"]
[Result "0-1"]
[WhiteElo "1217"]
[BlackElo "1569"]
[PlyCount "80"]
[EventDate "2021.06.26"]
[EventType "swiss"]
[EventRounds "9"]
[EventCountry "SVK"]
[SourceTitle "CBM 203 Extra"]
[Source "ChessBase"]
[SourceDate "2021.09.30"]
[SourceVersion "1"]
[SourceVersionDate "2021.09.30"]
[SourceQuality "1"]

1. e4 e5 2. Nf3 Nc6 3. Bb5 Bc5 4. c3 Nf6 5. d4 exd4 6. e5 Nd5 7. cxd4 Bb4+ 8. Bd2 Bxd2+ 9. Nbxd2 0-0 10. 0-0 d6 11. Re1 Bg4 12. Qc2 dxe5 13. Bxc6 Nb4 14. Qe4 f5 15. Qxe5 Nxc6 16. Qc5 Rf7 17. Ne5 Nxe5 18. Qxe5 Qg5 19. Nb3 h5 20. Qe3 f4 21. Qd3 Rd8 22. Rac1 b6 23. h3 Bc8 24. Qf3 Bf5 25. Re5 a5 26. Qc3 f3 27. g4 h4 28. Qe3 Qxe3 29. fxe3 f2+ 30. Kg2 Bc8 31. Rf1 Rdf8 32. Nd2 Ba6 33. Rc1 f1Q+ 34. Nxf1 Rxf1 35. Rxf1 Bxf1+ 36. Kh2 Rf3 37. Rf5 Rxf5 38. gxf5 Bd3 39. Kg2 Bxf5 40. d5 Be4+ 0-1

[Event "SVK-ch U10"]
[Site "Stara Lubovna"]
[Date "2021.06.26"]
[Round "1"]
[White "Kulich, Filip"]
[Black "Strapec, Tomas"]
[Result "1-0"]
[WhiteElo "1569"]
[BlackElo "1032"]
[PlyCount "39"]
[EventDate "2021.06.26"]
[EventType "swiss"]
[EventRounds "9"]
[EventCountry "SVK"]
[SourceTitle "CBM 203 Extra"]
[Source "ChessBase"]
[SourceDate "2021.09.30"]
[SourceVersion "1"]
[SourceVersionDate "2021.09.30"]
[SourceQuality "1"]

1. e4 e5 2. Nc3 Nf6 3. f4 Nc6 4. fxe5 Nxe5 5. d4 Ng6 6. e5 Ng8 7. Nf3 Bb4 8. Bc4 Bxc3+ 9. bxc3 d5 10. exd6 cxd6 11. 0-0 Nf6 12. Re1+ Ne7 13. Qe2 Bg4 14. Bg5 Bxf3 15. Qxf3 0-0 16. Bxf6 gxf6 17. Qxf6 Qc7 18. Rxe7 Qxc4 19. Re3 Rae8 20. Rg3# 1-0